| 000 | 00618nam a2200169 i 4500 | ||
|---|---|---|---|
| 001 | 31148 | ||
| 003 | ES-MaACL | ||
| 005 | 20230906154325.0 | ||
| 007 | t| | ||
| 008 | 030128s1959 sp ||||1| spa d | ||
| 245 | 0 | 0 |
_aManual de cuidados al convaleciente / _cpor miembros de cirugía del Centro Médico Cornell del Hospital de Nueva York ; editado por John M. Beal...[traducción de Eugenio Bruguera]. |
| 260 |
_aBarcelona, etc. : _bNoguer, _c[1959] ( _fBachs) |
||
| 300 |
_a160 p. : _bil. ; _c21 cm. |
||
| 700 | 1 |
_aBeal, John M. _926774 |
|
| 700 | 1 |
_aBruguera, Eugenio. _932102 |
|
| 852 |
_aES-MaACL _jC-16576 _bR.44798 |
||
| 999 |
_c31148 _d31148 |
||